Cruzando límites: trabajadores culturales y políticas educativas

保存先:
書誌詳細
第一著者: Giroux, Henry A (著者)
フォーマット: 図書
言語:スペイン語
出版事項: Barcelona Paidós 1997
シリーズ:Paidós Educador, 123
主題:
タグ: タグ追加
タグなし, このレコードへの初めてのタグを付けませんか!

MARC

LEADER 00000nam a2200000 a 4500
001 UCS5257
003 CL-VaPUC
008 970830e19970000SP |||||||||||||||||spa|d
020 |a 8449303532 
082 0 4 |a 370.1  |b GIR  |2 21 
100 |a Giroux, Henry A  |e author  |9 524493 
245 1 0 |a Cruzando límites: trabajadores culturales y políticas educativas 
300 |a 298 p 
942 |c BK 
945 |d 19970830 00:00:00  |a jquezada 
260 |a Barcelona  |b Paidós  |c 1997 
650 0 |a Filosofía de la educación   |9 258384 
650 0 |a Currículo  |9 307290 
650 0 |a Pedagogía  |9 255351 
650 0 |a Cultura  |9 269059 
650 0 |a Docentes  |9 311365 
650 0 |a Política educacional  |9 308011 
583 |a last modification  |c 19970830 00:00:00  |k Rodrigo Vera 
490 0 |a Paidós Educador, 123 
999 |c 261864  |d 261862 
952 |0 0  |1 0  |4 0  |6 370_100000000000000_GIR_1997  |7 0  |8 A  |9 289729  |a BIBEDU  |b BIBEDU  |d 2019-11-19  |i 3342301  |o 370.1 GIR 1997  |p 3342301  |r 2019-11-19  |w 2019-11-19  |y BK  |k LIT 
952 |0 0  |1 0  |4 0  |6 370_100000000000000_GIR_1997  |7 0  |8 A  |9 289730  |a BIBGIM  |b BIBGIM  |d 2019-11-19  |i 4001184  |o 370.1 GIR 1997  |p 4001184  |r 2025-01-15  |w 2019-11-19  |y BK  |k GIM